Yüklüyor......
Delhi college:traditional elites the colonial state and education before 1857
| Yazar: | |
|---|---|
| Materyal Türü: | Printed Book |
| Baskı/Yayın Bilgisi: |
Newdelhi
OUP
2006
|
| LEADER | 00437nam a22001217a 4500 | ||
|---|---|---|---|
| 020 | |a 0195677234 | ||
| 100 | |a Pernau, Margrit | ||
| 245 | |a Delhi college:traditional elites the colonial state and education before 1857 | ||
| 260 | |a Newdelhi |b OUP |c 2006 | ||
| 300 | |a 340P | ||
| 942 | |c BK | ||
| 999 | |c 287973 |d 287973 | ||
| 952 | |0 0 |1 0 |4 0 |6 379_540000000000000_PER_D |7 0 |9 327091 |a HIS |b HIS |c ST1 |d 2011-11-03 |i 23676 |l 0 |o 379.54 PER/D |p HIS23676 |r 2018-08-23 |w 2018-08-23 |y BK | ||